Fear the Walking Dead Episodes (2024) - Statistics

General Stats
  • This quiz has been taken 21 times
  • The average score is 29 of 113
Answer Stats
Hint Answer % Correct
1x01 Pilot
100%
1x06 The Good Man
56%
1x05 Cobalt
44%
4x16 ... I Lose Myself
44%
2x03 Ouroboros
44%
7x08 PADRE
44%
2x07 Shiva
44%
1x03 The Dog
44%
8x12 The Road Ahead
44%
4x01 What's Your Story?
44%
3x04 100
33%
6x03 Alaska
33%
8x07 Anton
33%
2x04 Blood in the Streets
33%
4x04 Buried
33%
2x05 Captive
33%
5x09 Channel 4
33%
5x15 Channel 5
33%
2x10 Do Not Disturb
33%
7x16 Gone
33%
2x08 Grotesque
33%
6x05 Honey
33%
4x15 I Lose People...
33%
6x12 In Dreams
33%
8x08 Iron Tiger
33%
2x09 Los Muertos
33%
2x01 Monster
33%
6x14 Mother
33%
2x15 North
33%
1x04 Not Fade Away
33%
8x03 Odessa
33%
7x11 Ofelia
33%
2x11 Pablo & Jessica
33%
2x06 Sicut Cervus
33%
3x16 Sleigh Ride
33%
1x02 So Close, Yet So Far
33%
7x12 Sonny Boy
33%
6x16 The Beginning
33%
6x08 The Door
33%
7x07 The Portrait
33%
7x13 The Raft
33%
6x15 USS Pennsylvania
33%
2x02 We All Fall Down
33%
2x14 Wrath
33%
8x06 All I See Is Red
22%
7x15 Amina
22%
4x02 Another Day in the Diamond
22%
4x13 Blackjack
22%
8x02 Blue Jay
22%
7x04 Breathe With Me
22%
3x12 Brother's Keeper
22%
3x05 Burning in Water, Drowning in Flame
22%
6x06 Bury Her Next to Jasper's Leg
22%
3x08 Children of Wrath
22%
7x03 Cindy Hawkins
22%
2x13 Date of Death
22%
7x14 Divine Providence
22%
3x01 Eye of the Beholder
22%
8x11 Fighting Like You
22%
7x09 Follow Me
22%
4x03 Good Out Here
22%
5x01 Here to Help
22%
5x03 Humbug's Gulch
22%
6x13 J.D.
22%
8x10 Keeping Her Alive
22%
8x04 King County
22%
4x05 Laura
22%
3x09 Minotaur
22%
4x14 MM 54
22%
8x05 More Time Than You Know
22%
7x10 Mourning Cloak
22%
5x12 Ner Tamid
22%
2x12 Pillar of Salt
22%
7x06 Reclamation
22%
8x01 Remember What They Took from You
22%
8x09 Sanctuary
22%
7x02 Six Hours
22%
3x03 TEOTWAWKI
22%
7x01 The Beacon
22%
3x10 The Diviner
22%
6x01 The End Is The Beginning
22%
6x04 The Key
22%
5x06 The Little Prince
22%
3x02 The New Frontier
22%
3x15 Things Bad Begun
22%
6x09 Things Left to Do
22%
3x13 This Land Is Your Land
22%
7x05 Till Death
22%
6x02 Welcome to the Club
22%
5x10 210 Words Per Minute
11%
4x10 Close Your Eyes
11%
6x07 Damage from the inside
11%
3x14 El Matadero
11%
5x16 End of the Line
11%
6x10 Handle with Care
11%
5x08 Is Anybody Out There?
11%
4x06 Just in Case
11%
3x11 La Serpiente
11%
5x13 Leave What You Don't
11%
4x08 No One's Gone
11%
4x09 People Like Us
11%
3x06 Red Dirt
11%
5x04 Skidmark
11%
5x07 Still Standing
11%
4x11 The Code
11%
5x05 The End of Everything
11%
6x11 The Holding
11%
5x02 The Hurt That Will Happen
11%
3x07 The Unveiling
11%
4x07 The Wrong Side of Where You Are Now
11%
5x14 Today and Tomorrow
11%
4x12 Weak
11%
5x11 You're Still Here
11%
No matching quizzes found
Score Distribution
Percent of People with Each Score
Percentile by Number Answered
Your Score History
You have not taken this quiz